000 00846cam a22002651 4500
001 10151
003 BD-RjUL
005 20211208234912.0
008 140123t19641964en a b 001 0 eng
035 _a(BD-RjUL)10199
040 _aDLC/ICU
_cICU
_dDLC
_dBD-RjUL
_beng
041 _aeng
082 0 0 _a539.7213
_216
_bTAI 1964
100 1 _aTait, J. H.
_931344
245 1 3 _aAn introduction to neutron transport theory /
_c[by] J.H. Tait.
260 _aLondon :
_bGreen and co.,
_c c1964
300 _ax, 142 p. :
_billus. ;
_c23 cm.
490 1 _aMathematical physics series
504 _aIncludes Bibliographical reference and index.
650 0 _aNeutron transport theory.
_931345
830 0 _aMathematical physics series (American Elsevier Publishing Company)
_931347
942 _2ddc
_cBK
999 _c10151
_d10151